Biblioteca

Ecclesiastes (Registro nro. 46818)

Detalles MARC
000 -LÍDER
Campo fijo de descripción fija 01334cam a2200361 i 4500
001 - NÚMERO DE CONTROL
Campo de control 768714001
003 - IDENTIFICADOR DEL NÚMERO DE CONTROL
Campo de control CO-MdFUSB
005 - FECHA Y HORA DE LA ULTIMA TRANSACCIÓN
control field 20220507091924.0
007 - CAMPO FIJO DE DESCRIPCIÓN FIJA--INFORMACIÓN GENERAL
Campo fijo de descripción fija ta
008 - ELEMENTOS DE LONGITUD FIJA -- INFORMACIÓN GENERAL
Campo fijo de descripción fija -- Información general 081125t20092009miu b 001 0 eng
020 ## - NÚMERO INTERNACIONAL NORMALIZADO PARA LIBROS
Número Internacional Normalizado del libro 9780801026911
040 ## - FUENTE DE CATALOGACIÓN
Agencia que realiza la transcripción CO-MdBIC
Agencia que realiza la modificación YDXCP
-- C#P
-- BTCTA
-- BWX
-- CDX
-- SGB
-- CAP
-- CO-MdFUSB
Idioma de catalogación Español
Convenciones de la descripción rda
Agencia de catalogación original CO-MdFUSB
041 ## - CÓDIGO DE IDIOMA
Código de idioma para texto/pista de sonido o título separado eng
082 ## - NÚMERO DE CLASIFICACIÓN DECIMAL DEWEY
Número de la edición del Dewey 24
Número de clasificación R 223
Clave de autor-Numero de item L85b
100 1# - ASIENTO PRINCIPAL--NOMBRE PERSONAL
Nombre personal Bartholomew, Craig G.,
Fechas asociadas con el nombre 1961-
Término relacionador autor
245 00 - TÍTULO
Título del Material Ecclesiastes
Mención de responsabilidad, etc. / Craig G. Bartholomew.
264 #1 - PRODUCCIÓN, PUBLICACIÓN, DISTRIBUCIÓN, MANUFACTURA, Y COPYRIGHT
Lugar de producción, publicación, distribución, manufactura Grand Rapids, Mich. :
Nombre del productor, publicador, distribuidor Baker Academic,
Fecha de producción, publicación, distribución, manufactura, o copyright [2009]
264 #4 - PRODUCCIÓN, PUBLICACIÓN, DISTRIBUCIÓN, MANUFACTURA, Y COPYRIGHT
Fecha de producción, publicación, distribución, manufactura, o copyright ©2009.
300 ## - DESCRIPCIÓN FÍSICA
Extensión 448 páginas ;
Dimensiones 24 cm.
336 ## - TIPO DE CONTENIDO
Término de tipo de contenido texto
Código de tipo de contenido txt
Fuente rdacontent.
337 ## - TIPO DE MEDIO
Nombre del tipo de medio sin mediación
Código del tipo de medio n
Fuente rdamedia.
338 ## - TIPO DE SOPORTE
Nombre del tipo de soporte volumen
Código Tipo de soporte nc
Fuente rdacarrier.
490 ## - MENCIÓN DE SERIE
Mención de serie Baker commentary on the Old Testament wisdom and Psalms.
501 ## - NOTA DE “CON”
Nota de Contenido Comentario sobre el libro de Eclesiastés
504 ## - NOTA DE BIBLIOGRAFÍA, ETC.
Nota de bibliografía, etc Incluye referencias bibliográficas (páginas 391-420) e índices.
505 ## - NOTA DE CONTENIDO
Nota de contenido con formato preestablecido Marco narrativo: Prólogo (1:1-11) -- La exploración de Qohelet sobre el significado de la vida (1:12-12:7) --Marco narrativo: Epílogo (12:8-14).
563 ## - NOTA DE ENCUADERNACIÓN
Nota de encuadernación Pasta dura
630 #7 - TITULO UNIFORME
Título uniforme Biblia.
Nombre de parte o sección de la obra Eclesiastes
Subdivisión de materia general Crítica, interpretación, etc.
942 ## - TIPO DE MATERIAL (KOHA)
Tipo de Item KOHA Libros de Referencia
945 ## - INFORMACIÓN LOCAL DEL REGISTRO
Catalogador JTF-925
Existencias
Estado de Material Estado de Perdido Forma de Clasificación Estado de Dañado No para Préstamo Colección Tomo Biblioteca de Origen Biblioteca Permanente Fecha de Adquisición Área Total de Préstamos Total de Renovaciones Signatura Topográfica Código de Barras Prestado Última vez visto Última vez Préstado Ejemplar/Existencia Fecha de Remplazo Tipo de Material
    Dewey Decimal Classification     Colección General   Biblioteca FUSBC Biblioteca FUSBC 28/07/2015 BIBLIA 6 2 G 223.807 B287e 20393 12/05/2026 21/01/2026 21/01/2026 Ej. 1 26/01/2016 Libros General
    Dewey Decimal Classification     Colección de Referencia   Biblioteca FUSBC Biblioteca FUSBC 28/07/2015 BIBLIA     R 223.807 B287e 24838   21/08/2025   Ej. 1 26/01/2016 Libros de Referencia

Biblioteca FUSBC | Teléfono: (57+4) 349 88 10 Ext. 141| WhatsApp (+57) 3005338115 
E-mail: biblioteca@unisbc.edu.co | Calle 76 87-14 Robledo Palenque, Medellín, Colombia

Con tecnología Koha